Destitutes of Calcutta: the jack preger story (Record no. 4252)
[ view plain ]
| 000 -LEADER | |
|---|---|
| fixed length control field | 00488nam a2200181Ia 4500 |
| 020 ## - INTERNATIONAL STANDARD BOOK NUMBER | |
| ISBN | 81-7031-177-2 |
| 082 ## - DEWEY DECIMAL CLASSIFICATION NUMBER | |
| Classification number | 305.5690954147 MEI-D |
| 100 ## - MAIN ENTRY--AUTHOR NAME | |
| Personal name | Meigh, Frances |
| 245 #0 - TITLE STATEMENT | |
| Title | Destitutes of Calcutta: the jack preger story |
| 260 ## - PUBLICATION, DISTRIBUTION, ETC. (IMPRINT) | |
| Place of publication | New Delhi |
| Name of publisher | Arnord Publishers |
| Year of publication | 1988 |
| 300 ## - PHYSICAL DESCRIPTION | |
| Number of Pages | 147 |
| 504 ## - BIBLIOGRAPHY, ETC. NOTE | |
| Bibliography, etc | includes bibliography |
| 650 ## - SUBJECT ADDED ENTRY--TOPICAL TERM | |
| Topical Term | Preger, Jack |
| 650 ## - SUBJECT ADDED ENTRY--TOPICAL TERM | |
| Topical Term | Slums |
| Form subdivision | Dwellings |
| Geographic subdivision | Calcutta |
| 650 ## - SUBJECT ADDED ENTRY--TOPICAL TERM | |
| Topical Term | Calcutta |
| Form subdivision | Social conditions |
| 650 ## - SUBJECT ADDED ENTRY--TOPICAL TERM | |
| Topical Term | Poor |
| Geographic subdivision | Calcutta |
| 942 ## - ADDED ENTRY ELEMENTS (KOHA) | |
| Koha item type | Books |
| Withdrawn status | Lost status | Damaged status | Not for loan | Home library | Current library | Date acquired | Source of acquisition | Bill Date | Full call number | Accession Number | Price effective from | Koha item type |
|---|---|---|---|---|---|---|---|---|---|---|---|---|
| NASSDOC Library | NASSDOC Library | 23/08/2005 | Gifted by : North-East Gender and Minori | 2005-05-20 | 305.5690954147 MEI-D | 40829 | 18/04/2019 | Books |
